000 00899nam a22002177a 4500
010 _a1617CH-EN
020 _a9789383202751
_cRs.175.00 Hb
035 _aB-642430-457
035 _aB-664845
037 _aDPL
_bBSB/Ven.
082 _aS
100 _aTwain, Mark
245 _aThe adventures of huckleberry finn /
_cby Mark Twain
260 _aNew Delhi
_bOm Kidz
_c2015
270 _a4379/4B, Prakash House, Ansari Road,
_bNew Delhi
_e110002
300 _a240p.
_bill.
_c20cm(Hb)
490 _aOm Illustrated Classics
942 _2ddc
_cCH
_mTWA
_hS
999 _c100361
_d100361